Grammy - rapowy utwór roku - Statystyki

Ogólne statystyki
  • Ten quiz został rozwiązany 27 razy
    2 od ostatniego zresetowania
  • Średni wynik to 2 z 23
Statystyki odpowiedzi
Rok Wykonawca Tytuł % Poprawnych
2025 Kendrick Lamar Not like us
100%
2004 Eminem Lose Yourself
50%
2014 Macklemore, Ryan Lewis ft. Wanz Thrift Shop
50%
2012 Kanye West ft. Rihanna, Kid Cudi All of the Lights
0%
2020 21 Savage ft. J. Cole A Lot
0%
2016 Kendrick Lamar Alright
0%
2006 Kanye West Diamonds from Sierra Leone
0%
2011 Jay-Z ft. Alicia Keys Empire State of Mind
0%
2019 Drake God's plan
0%
2008 Kanye West ft. T-Pain Good Life
0%
2017 Drake Hotline Bling
0%
2018 Kendrick Lamar HUMBLE.
0%
2015 Kendrick Lamar i
0%
2022 Kanye West ft. Jay-Z Jail
0%
2005 Kanye West Jesus Walks
0%
2009 Lil Wayne ft. Static Major Lollipop
0%
2007 Ludacris ft. Pharrell Money Maker
0%
2013 Jay-Z, Kanye West Ni**as in Paris
0%
2010 Jay-Z ft. Rihanna, Kanye West Run This Town
0%
2021 Megan Thee Stallion ft. Beyoncé Savage
0%
2024 Killer Mike ft. André 3000, Future, Eryn Allen Kane SCIENTISTS & ENGINEERS
0%
2023 Kendrick Lamar The Heart pt. 5
0%
2026 Kendrick Lamar ft. Lefty Gunplay tv off
0%
Nie znaleziono quizów pasujących do podanych kryteriów
Rozkład punktacji
Procent ludzi z każdym wynikiem
Percentyl według liczby udzielonych odpowiedzi
Twoja historia wyników
Nie rozwiązałeś tego quizu od ostatniego zresetowania